Degradation of vulcanised rubber products: Problems and solutions (Degradation by residual chlorine in tap water, metals and ozone due to deterioration in the global environment) (Record no. 56780)

MARC details
000 -LEADER
fixed length control field 00524nam a2200145Ia 4500
100 ## - MAIN ENTRY--AUTHOR NAME
Personal name Ohtake Y
245 #0 - TITLE STATEMENT
Title Degradation of vulcanised rubber products: Problems and solutions (Degradation by residual chlorine in tap water, metals and ozone due to deterioration in the global environment)
260 ## - PUBLICATION, DISTRIBUTION, ETC. (IMPRINT)
Name of publisher International Polymer Science and Technology
Year of publication 2007
300 ## - PHYSICAL DESCRIPTION
Number of Pages 57-67
650 ## - SUBJECT ADDED ENTRY--TOPICAL TERM
Topical Term NBR
650 ## - SUBJECT ADDED ENTRY--TOPICAL TERM
Topical Term Ozone degradation
650 ## - SUBJECT ADDED ENTRY--TOPICAL TERM
Topical Term Water degradation
942 ## - ADDED ENTRY ELEMENTS (KOHA)
Koha item type Journals
Holdings
Withdrawn status Lost status Damaged status Not for loan Home library Current library Shelving location Date acquired Serial Enumeration / chronology Koha item type
      Journals RRII Library RRII Library Rubber technology 05/06/2007 Volume 34, Issue 4 Journals